Statistics for Wheel of Time - Karaethon Cycle

Click here to take the quiz!

General Stats

  • This quiz has been taken 176 times
  • The average score is 4 of 6

Answer Stats

ProphecyAnswer% Correct
twice to live and twice to ______.die
98%
Twice and twice shall he be ______,marked
74%
Once the heron, to set his ______.path
70%
Twice the Dragon, for the price he ______ ______.must pay
68%
Twice the heron, to name him ______.true
62%
Once the Dragon, for ______ ______.remembrance lost
31%

Score Distribution

Percentile by Number Answered

Percent of People with Each Score

Your Score History

You have not taken this quiz